000 00299nam a22001337a 4500
008 181012b xxu||||| |||| 00| 0 eng d
020 _a9780071545990
041 _aeng
080 _a159.9
100 _a49
101 _aPSI
245 _aStatistics in Psychology
_cStephens, L.J
942 _2udc
_cBK
999 _c49537
_d49537